Villes de la Région Pokémon de Johto sur la carte - Statistiques

Statistiques générales
  • Ce quiz a été pris 824 fois
    786 depuis la dernière actualisation
  • Le résultat moyen est 8 sur 10
Réponses sur la Carte
Les réponses sont colorées sur une échelle allant du rouge au vert en fonction du pourcentage des utilisateurs qui les ont devinées à leur premier essai. Vous pouvez retrouver ces pourcentages ci-dessous.
 
Statistiques - réponses
Réponse % Correct
Bourg Geon
96%
Doublonville
86%
Ébènelle
81%
Irisia
77%
Oliville
77%
Acajou
76%
Mauville
76%
Rosalia
75%
Ville Griotte
74%
Ecorcia
72%
Aucun quiz correspondant
Distribution des résultats
% des personnes avec chaque résultat
Percentile par nombre de réponses
Votre historique - résultats
Vous n’avez pas pris ce quiz depuis la dernière actualisation